Регионална библиотека "Любен Каравелов" - Русе

Капитализъм на заинтересованите (Запис номер 422718)

MARC детайли
000 -Лидер
Контролно поле с фиксирана дължина 02257nam a2200385 c 4500
003 - Код на организацията, давaща контролен номер
Контролно поле BLK
005 - Дата и час на последна редакция
Контролно поле 20250107120040.0
008 - Елементи от данни с фиксирана дължина
fixed length control field 180411b bul|||||r ||||||| ||bul||
020 ## - Международен стандартен номер на книга ISBN
Международен стандартен номер на книга ISBN 9786190108498
040 ## - Източник на каталожния запис
Идентификатор на билиотеката - собственик на записа BLK
041 ## - Код за език
Код за езика на текст/звукозапис или на отделно заглавие Български
Код за езика КДБФ Български
080 ## - УДК
Текстов определител УДК Фактори на икономическото развитие. - Развитие на производството. Технически прогрес. Институционни промени. Структурни промени. Индустриализация. Концентрация. Централизация, децентрализация
УДК код - определител по УДК 330.341
УДК определител :001.89
УДК - код + определител 330.341:001.89
100 1# - Редна дума - Автор
Автор Шваб, Клаус
Авторска отговорност първи автор
R(LIN) 348405
139 ## - Редно поле
Редна дума Шваб, Клаус и др.
Авторски знак Шв - Ш 43
245 10 - Сведения за заглавието
Заглавие Капитализъм на заинтересованите
Подзаглавни данни Глобална икономика в полза на прогреса, хората и планетата
Редно поле (дума) Клаус Шваб, Питър Ванхам ; прев. Людмила Андреева
257 ## - Страна на издаване
Страна на създаване/издаване България
260 ## - Област на издателските данни
Име на издателя, разпространителя и проч. Изток-Запад
Година на издаване 2021
9 (RLIN) 210881
Място на издаване, разпространение и проч. София
Издателство - префикс ISBN 978-619-01- ; 978-619-152- ; 978-954-321- ; 954-8945-
300 ## - Физическа характеристика
Страници 384 с.
Размери/Мащаб 22 см
380 ## - Жанр
Жанр Обществени науки
490 ## - СЕРИИ (Колекции)
Име на серия Катехон
Бележки за серията Импринт на издателство Изток-Запад
№: серия 1
9 (RLIN) 470268
500 ## - Общи забележки
Забележка Ориг. загл.: Stakeholder capitalism / Klaus Schwab, Peter Vanham. - За авторите: с. 7-8. - Азб. показалец
650 #0 - Допълнително описание по предмет – тема
Основно описание – тема или топоним Капитализъм - социологични проблеми
9 (RLIN) 258089
650 #4 - Допълнително описание по предмет – тема
Основно описание – тема или топоним Индустриализация - история
9 (RLIN) 286355
650 #0 - Допълнително описание по предмет – тема
Основно описание – тема или топоним Глобализация - икономически проблеми
9 (RLIN) 285850
653 ## - Ключова дума – ненормативна
Ключова дума социални проблеми
653 #7 - Ключова дума – ненормативна
Ключова дума глобализация
9 (RLIN) 184176
700 ## - Други автори (авторска отговорност)
Лично име Андреева, Людмила Маринова
9 (RLIN) 365194
700 ## - Други автори (авторска отговорност)
Лично име Ванхам, Питър
Автороска отговорност (Описва отношението между автора и произведението) съавт.
9 (RLIN) 459355
700 ## - Други автори (авторска отговорност)
Лично име Димитров, Димитър Василев
Автороска отговорност (Описва отношението между автора и произведението) науч. ред.
9 (RLIN) 695
852 ## - Местоположение
Фондова буква Заемна - подръчен фонд
Систематично-азбучна сигнатура 330.1/Ш 43 К
852 ## - Местоположение
Фондова буква Хранилище
Форматна сигнатура Цб
999 ## - СИСТЕМНИ КОНТРОЛНИ НОМЕРА
Koha biblionumber 422718
Koha biblioitemnumber 422718
942 ## - АРТИКУЛИ
Вид на библиотечния материал Книги
Скрит в OPAC Не
Периодичен библиозапис Да
Koha issues (borrowed), all copies 10
944 ## - СЪЗДАВАНЕ И РЕДАКЦИЯ на ЗАПИСА
Създаване/Редакция Създаване
Дата на регистрацията/редакция 2021-07-02
Служител, извършил регистрацията/редакцията 30545
Статус, дата на статуса Нора Радева
999 ## - СИСТЕМНИ КОНТРОЛНИ НОМЕРА
Koha biblioitemnumber 422718
Наличности
Код за отписване Код за изгубен артикул Източник на класификационната схема Код за повреда Коз за рестрикции Код за отдаване Артикулен № Име на библиотеката - собственик Име на библиотеката, в която се намира в момента Статус (Текущо местоположение) Дата на вписване в системата Местоположение - отдел Цена в лева Систематично азбучна сигнатура Баркод Цена в евро Служебен тип на артикула
  Не е изгубен Universal Decimal Classification Не е повреден без рестрикции заемане за дома 840651 Регионална библиотека "Любен Каравелов" Русе Регионална библиотека "Любен Каравелов" Русе Заемна - подръчен фонд 2021-07-02 Заемна - подръчен фонд 16.50 330.1/Ш 43 К 120000857264 8.44 Книги
  Не е изгубен Universal Decimal Classification Не е повреден без рестрикции заемане за дома 856046 Регионална библиотека "Любен Каравелов" Русе Регионална библиотека "Любен Каравелов" Русе Заемна - подръчен фонд 2021-09-28 Заемна - подръчен фонд 22.00 330.1/Ш 43 К 120000859933 11.25 Книги
  Не е изгубен Universal Decimal Classification Не е повреден само за читалня ползва се в читалня 872248 Регионална библиотека "Любен Каравелов" Русе Регионална библиотека "Любен Каравелов" Русе Хранилище 2022-02-15 Хранилище 22.00 Цб 311264 120000865978 11.25 Книги
Vip Innovations Ltd, Rousse, Bulgaria 2025